| 000 | 00675nam a22001577a 4500 | ||
|---|---|---|---|
| 003 | OSt | ||
| 005 | 20151216164827.0 | ||
| 008 | 151216b xxu||||| |||| 00| 0 eng d | ||
| 040 | _cRUA | ||
| 082 | _aAED OEU 2006 B219 Or.1 | ||
| 100 |
_94971 _aOEUR, SOTHEAOATH. |
||
| 245 | _aThe study on intentive dry season rice prodution in kien svay district kandal province, ការសិក្សាពីប្រពលវប្បកម្មផលិតកម្មស្រូវនៅរដូវប្រាំងស្រុកកៀនស្វាយ ខេត្តកណ្ដាល | ||
| 260 |
_aPhnom Penh _bRUA _c2006 |
||
| 300 |
_ax; 51p. _bill. _c29cm. |
||
| 942 |
_2ddc _cAED |
||
| 999 |
_c4620 _d4620 |
||